[Event "BPB Limburg open C"]
[Site "Maastricht"]
[Date "2014.06.08"]
[Round "4"]
[White "Muntean, Victor"]
[Black "Dardha, Daniel"]
[Result "0-1"]
[WhiteElo "1138"]
[BlackElo "1617"]
[PlyCount "58"]
[EventDate "2014.06.06"]
[EventType "swiss"]
[EventRounds "7"]
[EventCountry "NED"]
[Source "P.Boonen"]
[SourceDate "2014.10.10"]

1. e4 c5 2. d4 cxd4 3. c3 dxc3 4. Nxc3 Nc6 5. Nf3 d6 6. Bc4 e6 7. Qb3 Na5 8.
Qa4+ Bd7 9. Bb5 Nc6 10. O-O a6 11. Bxc6 Bxc6 12. Qb3 Nf6 13. Bg5 Be7 14. e5
dxe5 15. Nxe5 Qc7 16. Nxc6 bxc6 17. g3 O-O 18. Bxf6 gxf6 19. Rad1 Rfd8 20. Qc2
f5 21. Kh1 Bf6 22. Rxd8+ Rxd8 23. Rg1 Kf8 24. g4 Qf4 25. gxf5 Qf3+ 26. Rg2 Bxc3
27. h4 Rd1+ 28. Kh2 Be5+ 29. Rg3 Qh1# 0-1

[Event "BPB Limburg open C"]
[Site "Maastricht"]
[Date "2014.06.08"]
[Round "4"]
[White "Nguyen, Sang"]
[Black "Beukema, Constantijn"]
[Result "1-0"]
[WhiteElo "1334"]
[BlackElo "1000"]
[PlyCount "39"]
[EventDate "2014.06.06"]
[EventType "swiss"]
[EventRounds "7"]
[EventCountry "NED"]
[Source "P.Boonen"]
[SourceDate "2014.10.10"]

1. d4 d5 2. Nf3 Nc6 3. Bf4 Nf6 4. e3 Bg4 5. Nbd2 g6 6. h3 Bxf3 7. Nxf3 Bg7 8.
Bd3 O-O 9. c3 e6 10. Qc2 Qd7 11. g4 Rfe8 12. O-O-O a5 13. Ne5 Nxe5 14. dxe5
Nxg4 15. hxg4 c5 16. f3 b5 17. Qh2 h6 18. Bxh6 Bxh6 19. Qxh6 c4 20. Qh8# 1-0

[Event "BPB Limburg open C"]
[Site "Maastricht"]
[Date "2014.06.08"]
[Round "4"]
[White "Oxener, Aldo"]
[Black "Petry, Richard"]
[Result "1-0"]
[WhiteElo "1506"]
[BlackElo "1151"]
[PlyCount "57"]
[EventDate "2014.06.06"]
[EventType "swiss"]
[EventRounds "7"]
[EventCountry "NED"]
[Source "P.Boonen"]
[SourceDate "2014.10.10"]

1. d4 d5 2. Nf3 Nc6 3. Nbd2 Nf6 4. b3 Bf5 5. a3 e6 6. Bb2 Be7 7. e3 a6 8. c4 b5
9. cxb5 axb5 10. Bxb5 Qd7 11. Qc1 O-O 12. Bxc6 Qd6 13. Bxa8 Rxa8 14. O-O Ne4
15. Nxe4 Bxe4 16. Ne5 Ra6 17. a4 Bh4 18. Ba3 Qd8 19. Qc5 Ra8 20. Rfc1 Qf6 21.
Ra2 Rc8 22. a5 Qg5 23. g3 f6 24. Qe7 Bf5 25. Nf3 Qh5 26. Nxh4 Bh3 27. Ng2 Qf3
28. Ne1 Qh5 29. Rxc7 1-0

[Event "BPB Limburg open C"]
[Site "Maastricht"]
[Date "2014.06.08"]
[Round "4"]
[White "Parren, Ashley"]
[Black "Krug, Franz Dieter"]
[Result "0-1"]
[WhiteElo "1405"]
[BlackElo "1596"]
[PlyCount "70"]
[EventDate "2014.06.06"]
[EventType "swiss"]
[EventRounds "7"]
[EventCountry "NED"]
[Source "P.Boonen"]
[SourceDate "2014.10.10"]

1. e4 e5 2. Nf3 d6 3. Bc4 h6 4. Nc3 Nf6 5. d3 Be7 6. h3 O-O 7. Be3 a6 8. O-O
Nc6 9. Qd2 Na5 10. Ne2 Nxc4 11. dxc4 Nxe4 12. Qc1 Be6 13. b3 Qd7 14. Rd1 f5 15.
Nxe5 Qe8 16. Nd3 g5 17. f3 Nf6 18. f4 g4 19. Kh2 Kh7 20. Ng3 Rg8 21. Re1 Nh5
22. Bf2 Nxg3 23. Bxg3 Bf6 24. Rb1 Qf7 25. Qd2 gxh3 26. gxh3 Rg6 27. Qg2 Bh4 28.
Re3 Rag8 29. Qxb7 Bxg3+ 30. Kh1 R8g7 31. Qxa6 Qf6 32. Qc6 Qh4 33. a4 Qxh3+ 34.
Kg1 Bxf4+ 35. Kf2 Qxe3+ 0-1

[Event "BPB Limburg open C"]
[Site "Maastricht"]
[Date "2014.06.08"]
[Round "4"]
[White "Reichardt, Monica"]
[Black "Van Ginneken, Maikel"]
[Result "1-0"]
[WhiteElo "1447"]
[BlackElo "1453"]
[PlyCount "47"]
[EventDate "2014.06.06"]
[EventType "swiss"]
[EventRounds "7"]
[EventCountry "NED"]
[Source "P.Boonen"]
[SourceDate "2014.10.10"]

1. e4 e5 2. Nc3 Bc5 3. Bc4 Nf6 4. Nf3 d6 5. O-O O-O 6. Re1 Ng4 7. Rf1 c6 8. Na4
Bb4 9. Bb3 b5 10. Nc3 Qb6 11. Ne2 Nf6 12. c3 Ba5 13. Ng3 Bg4 14. h3 Bxf3 15.
Qxf3 Nbd7 16. Nf5 c5 17. d3 g6 18. Bh6 Rfc8 19. Ne7+ Kh8 20. Nxc8 Rxc8 21. Bxf7
c4 22. Be6 Qd8 23. Bxd7 Nxd7 24. Qf7 1-0

[Event "BPB Limburg open C"]
[Site "Maastricht"]
[Date "2014.06.08"]
[Round "4"]
[White "Reusink, Hans"]
[Black "Mertens, Yannick"]
[Result "0-1"]
[WhiteElo "1553"]
[BlackElo "1711"]
[PlyCount "132"]
[EventDate "2014.06.06"]
[EventType "swiss"]
[EventRounds "7"]
[EventCountry "NED"]
[Source "P.Boonen"]
[SourceDate "2014.10.10"]

1. e4 e6 2. d3 d5 3. Nd2 dxe4 4. dxe4 Nc6 5. Ngf3 Bc5 6. Bb5 Nge7 7. b3 a6 8.
Bf1 O-O 9. Bb2 Ng6 10. Qe2 b5 11. g3 Bb7 12. Bg2 Nd4 13. Nxd4 Bxd4 14. c3 Bb6
15. Rd1 Qe7 16. O-O Rad8 17. Nf3 e5 18. Bc1 f6 19. Be3 Qe6 20. Bxb6 Qxb6 21. h4
Qc6 22. h5 Ne7 23. Nh4 Bc8 24. Nf5 Nxf5 25. exf5 Qxc3 26. Rc1 Qd2 27. Qg4 Qd6
28. Qf3 Qd3 29. Qc6 Qxf5 30. Bd5+ Kh8 31. Rce1 Qd7 32. Qxd7 Rxd7 33. Be6 Rd6
34. Bxc8 Rxc8 35. Kg2 Kg8 36. Rh1 Rd2 37. Ra1 Rcd8 38. Rhc1 R8d7 39. Rc6 R2d6
40. Rac1 Kf7 41. Rxc7 Ke7 42. a4 bxa4 43. bxa4 Rd4 44. a5 R4d5 45. R7c5 Ke6 46.
g4 Rxc5 47. Rxc5 Kd6 48. Rc8 Re7 49. Kf3 Kd5 50. Rd8+ Kc6 51. Rb8 Rb7 52. Rh8
h6 53. Ke4 Kb5 54. Rd8 Kxa5 55. Rd5+ Kb4 56. Rd1 Rb5 57. Rd7 a5 58. Rxg7 a4 59.
Kd3 Kb3 60. Rc7 Rd5+ 61. Ke4 Rd4+ 62. Kf5 a3 63. Rb7+ Rb4 64. Ra7 a2 65. Rxa2
Kxa2 66. Kxf6 Rxg4 0-1

[Event "BPB Limburg open C"]
[Site "Maastricht"]
[Date "2014.06.08"]
[Round "4"]
[White "Reyskens, Jules"]
[Black "Beusen, Frank"]
[Result "1-0"]
[WhiteElo "1719"]
[BlackElo "1433"]
[PlyCount "63"]
[EventDate "2014.06.06"]
[EventType "swiss"]
[EventRounds "7"]
[EventCountry "NED"]
[Source "P.Boonen"]
[SourceDate "2014.10.10"]

1. e4 e5 2. d4 exd4 3. Nf3 Nc6 4. Bc4 h6 5. Nxd4 Nf6 6. Nxc6 bxc6 7. e5 Qe7 8.
O-O Nh7 9. Nc3 g6 10. Bd3 Bg7 11. Bf4 O-O 12. Re1 Re8 13. Qd2 g5 14. Bg3 Nf8
15. f4 Bb7 16. f5 f6 17. exf6 Qxf6 18. Rxe8 Rxe8 19. Ne4 Qxb2 20. Re1 Kh8 21.
f6 Bxf6 22. Nxf6 Rxe1+ 23. Qxe1 Qd4+ 24. Kh1 d6 25. Qf1 Kg7 26. Nh5+ Kg8 27.
Nf6+ Kg7 28. Ne8+ Kg8 29. Nxc7 c5 30. Nb5 Qd5 31. Nxd6 Kg7 32. Ne8+ 1-0

[Event "BPB Limburg open C"]
[Site "Maastricht"]
[Date "2014.06.08"]
[Round "4"]
[White "Roemhild, Wolfgang"]
[Black "Heuts, Guido"]
[Result "1-0"]
[WhiteElo "1743"]
[BlackElo "1345"]
[PlyCount "67"]
[EventDate "2014.06.06"]
[EventType "swiss"]
[EventRounds "7"]
[EventCountry "NED"]
[Source "P.Boonen"]
[SourceDate "2014.10.10"]

1. e4 c6 2. d4 d5 3. e5 Bf5 4. Nd2 e6 5. Ngf3 Nd7 6. Be2 Ne7 7. O-O Ng6 8. c4
b6 9. b3 Nf4 10. Bb2 Be7 11. g3 Nxe2+ 12. Qxe2 Bh3 13. Rfd1 Bg4 14. Nf1 O-O 15.
Ne3 Bh5 16. Ng2 f6 17. Nf4 Bf7 18. cxd5 exd5 19. e6 Be8 20. exd7 Bxd7 21. Ne6
Bxe6 22. Qxe6+ Kh8 23. Nh4 Bd6 24. Nf5 Bb4 25. a3 Rc8 26. axb4 Re8 27. Qd6 Re2
28. Bc1 Qe8 29. Be3 Qe4 30. Qf4 Qc2 31. Nxg7 Kxg7 32. Qg4+ Kf7 33. Rxa7+ Kf8
34. Qxc8# 1-0

[Event "BPB Limburg open C"]
[Site "Maastricht"]
[Date "2014.06.08"]
[Round "4"]
[White "Schelleman, Iris"]
[Black "Mitran, Ovi"]
[Result "1-0"]
[WhiteElo "1656"]
[BlackElo "1612"]
[PlyCount "89"]
[EventDate "2014.06.06"]
[EventType "swiss"]
[EventRounds "7"]
[EventCountry "NED"]
[Source "P.Boonen"]
[SourceDate "2014.10.10"]

1. e4 c5 2. Nf3 e6 3. d4 cxd4 4. Nxd4 Nc6 5. Be2 Nf6 6. f3 Bc5 7. c3 O-O 8. Bg5
a6 9. Nxc6 bxc6 10. e5 h6 11. exf6 hxg5 12. fxg7 Kxg7 13. Nd2 Qb6 14. Qc2 Bf2+
15. Kd1 d5 16. g3 Rh8 17. g4 Bg3 18. Nf1 Bxh2 19. Rxh2 Rxh2 20. Nxh2 Qg1+ 21.
Nf1 e5 22. Qd2 f6 23. Qe3 Qh1 24. Qb6 e4 25. Qc7+ Kg6 26. Qh2 Qxh2 27. Nxh2 f5
28. Kd2 Kf6 29. Rf1 Ke5 30. gxf5 Bxf5 31. Ng4+ Ke6 32. fxe4 Bxe4 33. Rf6+ Ke7
34. Rxc6 d4 35. Rxa6 dxc3+ 36. Kxc3 Rc8+ 37. Kd4 Bh1 38. b4 Rd8+ 39. Ke3 Bb7
40. Ra7 Rd7 41. Bb5 Rc7 42. Ba6 Rc3+ 43. Kd2 Rg3 44. Bxb7 Kd8 45. Ne3 1-0

[Event "BPB Limburg open C"]
[Site "Maastricht"]
[Date "2014.06.08"]
[Round "4"]
[White "Schlepuetz, Volker"]
[Black "De Coninck, Erik"]
[Result "1/2-1/2"]
[WhiteElo "1437"]
[BlackElo "1628"]
[PlyCount "111"]
[EventDate "2014.06.06"]
[EventType "swiss"]
[EventRounds "7"]
[EventCountry "NED"]
[Source "P.Boonen"]
[SourceDate "2014.10.10"]

1. d4 Nf6 2. c4 c5 3. d5 d6 4. Nc3 g6 5. e4 Bg7 6. Nf3 Nbd7 7. h3 O-O 8. Bd3 a6
9. O-O Ne8 10. Bd2 Nc7 11. a4 Rb8 12. Qc2 Ne5 13. Nxe5 Bxe5 14. f4 Bg7 15. f5
Bd7 16. fxg6 hxg6 17. Qc1 b5 18. Bh6 bxc4 19. Bxg7 Kxg7 20. Bxc4 Qc8 21. Ne2
Rh8 22. Qc3+ f6 23. Rf3 g5 24. Raf1 Rh6 25. Rg3 Rg6 26. h4 gxh4 27. Rxg6+ Kxg6
28. Nf4+ Kh7 29. Qe1 Qf8 30. Qxh4+ Qh6 31. Qxh6+ Kxh6 32. b3 a5 33. Kf2 Na8 34.
Rh1+ Kg7 35. Ne6+ Bxe6 36. dxe6 Rh8 37. Rxh8 Kxh8 38. Kf3 Kg7 39. Kf4 Kg6 40.
Bd3 Kh6 41. Kf5 Nc7 42. Bc4 Ne8 43. g4 Ng7+ 44. Kf4 Kg6 45. Bd5 Ne8 46. Bc4 Nc7
47. Bd5 Na6 48. Bc4 Nb4 49. Bd5 Nd3+ 50. Ke3 Nc1 51. Kf4 Na2 52. Bc4 Nc3 53.
Bd5 Nd1 54. Bc4 Kg7 55. Be2 Nc3 56. Bc4 1/2-1/2

[Event "BPB Limburg open C"]
[Site "Maastricht"]
[Date "2014.06.08"]
[Round "4"]
[White "Schoppen, Jochem"]
[Black "Weynjes, Tim"]
[Result "1-0"]
[WhiteElo "1386"]
[BlackElo "1000"]
[PlyCount "95"]
[EventDate "2014.06.06"]
[EventType "swiss"]
[EventRounds "7"]
[EventCountry "NED"]
[Source "P.Boonen"]
[SourceDate "2014.10.10"]

1. d4 e6 2. c4 d5 3. Nf3 Nf6 4. Qc2 Nc6 5. Nc3 Bb4 6. a3 Ba5 7. b4 Bxb4 8. axb4
Nxb4 9. Qa4+ Nc6 10. g3 Qe7 11. Bg2 Qb4 12. Qxb4 Nxb4 13. Kd1 Ne4 14. Nxe4 dxe4
15. Nd2 O-O 16. Nxe4 Rd8 17. e3 Nd3 18. Ra3 Nb4 19. Bd2 Nc6 20. Ke2 e5 21. d5
Ne7 22. Bc3 c6 23. d6 Nf5 24. Bxe5 Re8 25. Bc3 f6 26. Bxf6 Re6 27. Bd4 Nxd6 28.
Nxd6 Rxd6 29. Rxa7 Rxa7 30. Bxa7 Bg4+ 31. f3 Be6 32. Rc1 Rd7 33. Bd4 Rd8 34. c5
Ra8 35. Rb1 Ra7 36. Ra1 Ba2 37. Kd2 Ra6 38. Bf1 Ra4 39. Kc3 Bb3 40. Kxb3 Rxa1
41. Bxa1 Kf8 42. Kb4 Ke8 43. Ka5 Kd8 44. Kb6 Kc8 45. Bh3+ Kb8 46. Be5+ Ka8 47.
Bc8 g5 48. Bxb7# 1-0

[Event "BPB Limburg open C"]
[Site "Maastricht"]
[Date "2014.06.08"]
[Round "4"]
[White "Schrijvers, Kees"]
[Black "Raats, Joppe"]
[Result "1-0"]
[WhiteElo "1497"]
[BlackElo "1150"]
[PlyCount "83"]
[EventDate "2014.06.06"]
[EventType "swiss"]
[EventRounds "7"]
[EventCountry "NED"]
[Source "P.Boonen"]
[SourceDate "2014.10.10"]

1. d4 e5 2. dxe5 Nc6 3. Nf3 Qe7 4. Bg5 Qb4+ 5. Bd2 Qxb2 6. Bc3 Bb4 7. Bxb4 Qxa1
8. Bc3 Qxa2 9. e6 Qxe6 10. Bxg7 f6 11. Bxh8 Qf7 12. e3 h6 13. Qd3 Qa2 14. Qb3
Qxb3 15. cxb3 a5 16. Bc4 Nce7 17. Nc3 c6 18. Bxg8 Nxg8 19. Ne4 a4 20. bxa4 Rxa4
21. Nd6+ Kd8 22. O-O b5 23. Nxc8 Kxc8 24. Bg7 b4 25. Bf8 b3 26. Bd6 b2 27. Nd2
Kb7 28. Rb1 Ka6 29. Rxb2 Ra1+ 30. Nf1 Rc1 31. Rb8 c5 32. Rxg8 c4 33. Bb4 Kb5
34. Ba3 Rc3 35. Bb2 Rc2 36. Bxf6 c3 37. Rc8 Kb4 38. f4 Rc1 39. f5 Kb3 40. Bxc3
Rxc3 41. Rxc3+ Kxc3 42. f6 1-0

[Event "BPB Limburg open C"]
[Site "Maastricht"]
[Date "2014.06.08"]
[Round "4"]
[White "Schulte, Philipp"]
[Black "Decruyenaere, Robbert"]
[Result "1/2-1/2"]
[WhiteElo "1417"]
[BlackElo "1526"]
[PlyCount "150"]
[EventDate "2014.06.06"]
[EventType "swiss"]
[EventRounds "7"]
[EventCountry "NED"]
[Source "P.Boonen"]
[SourceDate "2014.10.10"]

1. d4 Nf6 2. c4 g6 3. Nc3 Bg7 4. Bf4 O-O 5. e3 d6 6. Bd3 Nbd7 7. Nf3 Re8 8. Qc2
e5 9. dxe5 dxe5 10. Bg5 Nc5 11. Rd1 Qe7 12. Nd5 Qd6 13. Nxf6+ Bxf6 14. Bxg6 Qe7
15. Bxh7+ Kh8 16. Bxf6+ Qxf6 17. Be4 c6 18. h3 Qg7 19. g4 Qh6 20. Bf5 e4 21.
Nd4 a6 22. Bxc8 Raxc8 23. Nf5 Qf6 24. Rd6 Re6 25. Rxe6 fxe6 26. Nd6 Qf3 27. Rh2
Rd8 28. Qc3+ Kg8 29. Qd4 b6 30. Kf1 Nb7 31. Qxe4 Qd1+ 32. Kg2 Qxd6 33. Qg6+ Kf8
34. h4 Rd7 35. h5 Rg7 36. Qf6+ Kg8 37. g5 Qe7 38. Qxe7 Rxe7 39. f4 Nd6 40. b3
Nf5 41. Kf3 b5 42. Rd2 Kg7 43. e4 Nh6 44. gxh6+ Kxh6 45. cxb5 axb5 46. Rc2 Rc7
47. Rc5 Kh7 48. a4 bxa4 49. bxa4 Kh6 50. a5 Kh7 51. a6 Kh6 52. a7 Rxa7 53. Rxc6
Kxh5 54. Rc5+ Kg6 55. Rc6 Kh5 56. Rxe6 Ra3+ 57. Ke2 Kg4 58. f5 Kf4 59. f6 Ra8
60. Kd3 Rd8+ 61. Kc4 Kg5 62. Kc5 Kg6 63. e5 Kf7 64. Rd6 Re8 65. Kd5 Ra8 66.
Rd7+ Ke8 67. Ke6 Ra6+ 68. Rd6 Ra7 69. Kf5 Ra5 70. Ke6 Ra7 71. Rb6 Ra8 72. f7+
Kf8 73. Kf6 Ra6 74. Re6 Rb6 75. Rd6 Rxd6+ 1/2-1/2

[Event "BPB Limburg open C"]
[Site "Maastricht"]
[Date "2014.06.08"]
[Round "4"]
[White "Smits, Marc"]
[Black "Van Wijnendaele, Jovanni"]
[Result "1-0"]
[WhiteElo "1532"]
[BlackElo "1654"]
[PlyCount "50"]
[EventDate "2014.06.06"]
[EventType "swiss"]
[EventRounds "7"]
[EventCountry "NED"]
[Source "P.Boonen"]
[SourceDate "2014.10.10"]

1. e4 g6 2. c3 Bg7 3. d4 d6 4. Bd3 Nd7 5. Nf3 e5 6. O-O Ne7 7. Bg5 h6 8. Bh4
O-O 9. h3 Qe8 10. Na3 c6 11. Nc2 Kh7 12. Qd2 Ng8 13. Rae1 Ndf6 14. g4 Nd7 15.
Bg3 Qd8 16. Nh4 Qc7 17. f4 exd4 18. Nxd4 Nc5 19. Bc2 Bd7 20. b4 Na6 21. Kh2
Rae8 22. f5 g5 23. f6 gxh4 24. e5+ Kh8 25. Qd3 hxg3+ 1-0

[Event "BPB Limburg open C"]
[Site "Maastricht"]
[Date "2014.06.08"]
[Round "4"]
[White "Sprong, Ton"]
[Black "Woyave, Pascal"]
[Result "1-0"]
[WhiteElo "1738"]
[BlackElo "1603"]
[PlyCount "107"]
[EventDate "2014.06.06"]
[EventType "swiss"]
[EventRounds "7"]
[EventCountry "NED"]
[Source "P.Boonen"]
[SourceDate "2014.10.10"]

1. b4 g6 2. Bb2 Nf6 3. c4 Bg7 4. e3 O-O 5. d4 d5 6. c5 b6 7. Nf3 bxc5 8. dxc5
c6 9. Nbd2 Ba6 10. Bxa6 Nxa6 11. Qa4 Qc8 12. Nd4 Nb8 13. h3 Nfd7 14. O-O e5 15.
N4f3 Qb7 16. Qb3 Na6 17. Bc3 Rab8 18. Rab1 Nc7 19. Rfc1 a5 20. bxa5 Nxc5 21.
Qxb7 Rxb7 22. Rxb7 Nxb7 23. Bb4 c5 24. Bxc5 Ra8 25. Bb6 Ne6 26. Nb3 e4 27. Nfd4
Nxd4 28. exd4 Bf8 29. Rc7 Nd6 30. Bc5 Nb5 31. Rd7 Nc3 32. Bxf8 Kxf8 33. a3 Ke8
34. Rd6 Ke7 35. Rc6 Nb1 36. a4 Na3 37. a6 Nc4 38. Nc5 Kd8 39. g4 Ra7 40. Nb7+
Kd7 41. Rf6 Ke7 42. Rc6 Kd7 43. Rc5 Rxa6 44. Rxd5+ Kc6 45. Rc5+ Kxb7 46. Rxc4
Rc6 47. Rxc6 Kxc6 48. Kf1 f5 49. f3 e3 50. f4 fxg4 51. hxg4 h5 52. gxh5 gxh5
53. Ke2 h4 54. Kxe3 1-0

[Event "BPB Limburg open C"]
[Site "Maastricht"]
[Date "2014.06.08"]
[Round "4"]
[White "Stiefel, Marika"]
[Black "Keetman, Sandra"]
[Result "1/2-1/2"]
[WhiteElo "1621"]
[BlackElo "1641"]
[PlyCount "47"]
[EventDate "2014.06.06"]
[EventType "swiss"]
[EventRounds "7"]
[EventCountry "NED"]
[Source "P.Boonen"]
[SourceDate "2014.10.10"]

1. d4 Nf6 2. Nf3 g6 3. e3 Bg7 4. Bd3 d6 5. O-O O-O 6. b3 b6 7. Bb2 Bb7 8. Nbd2
Nbd7 9. Rb1 c5 10. c3 Re8 11. e4 e5 12. d5 Nh5 13. Nc4 Ndf6 14. Re1 Nf4 15. Bf1
Bc8 16. h3 h6 17. b4 Nh7 18. bxc5 bxc5 19. Qa4 Bf8 20. Bc1 g5 21. Nh2 Bd7 22.
Qa5 Qc8 23. Bxf4 exf4 24. e5 1/2-1/2

[Event "BPB Limburg open C"]
[Site "Maastricht"]
[Date "2014.06.08"]
[Round "4"]
[White "Ten Have, Dimitri"]
[Black "Van Foreest, Pieter"]
[Result "1-0"]
[WhiteElo "1041"]
[BlackElo "1657"]
[PlyCount "81"]
[EventDate "2014.06.06"]
[EventType "swiss"]
[EventRounds "7"]
[EventCountry "NED"]
[Source "P.Boonen"]
[SourceDate "2014.10.10"]

1. d4 c5 2. Nf3 Nc6 3. e4 cxd4 4. Bf4 d6 5. Be2 e5 6. Bg3 Nf6 7. Nfd2 Be6 8.
O-O Be7 9. f4 Qb6 10. Nc4 Bxc4 11. Bxc4 d3+ 12. Kh1 Qxb2 13. Nd2 dxc2 14. Qc1
Qc3 15. Rf3 Qb4 16. Bf2 b5 17. Rb3 Qa5 18. Bxb5 Rc8 19. Qxc2 O-O 20. Bxc6 Rxc6
21. Qxc6 Qxd2 22. fxe5 dxe5 23. Bxa7 Ng4 24. h3 Nf2+ 25. Bxf2 Qxf2 26. a4 Qd4
27. Rbb1 Rd8 28. a5 Bc5 29. a6 Ba7 30. Qc2 h6 31. Rd1 Qb6 32. Rxd8+ Qxd8 33.
Rd1 Qb6 34. Qc8+ Kh7 35. Qf5+ Kg8 36. Rc1 f6 37. Rc8+ Kf7 38. Qh5+ g6 39. Qd1
Ke7 40. Qc1 f5 41. Qc7+ 1-0

[Event "BPB Limburg open C"]
[Site "Maastricht"]
[Date "2014.06.08"]
[Round "4"]
[White "Terwagne, Bertrand"]
[Black "Steenman, Tomas"]
[Result "1-0"]
[WhiteElo "1654"]
[BlackElo "1334"]
[PlyCount "79"]
[EventDate "2014.06.06"]
[EventType "swiss"]
[EventRounds "7"]
[EventCountry "NED"]
[Source "P.Boonen"]
[SourceDate "2014.10.10"]

1. e4 e5 2. Nf3 Nc6 3. Bb5 d6 4. d4 Bd7 5. d5 Nce7 6. Bxd7+ Qxd7 7. c4 Ng6 8.
Nc3 Be7 9. Be3 c6 10. dxc6 bxc6 11. c5 d5 12. exd5 cxd5 13. Qxd5 Qxd5 14. Nxd5
Rc8 15. b4 Nf6 16. Nxf6+ Bxf6 17. Bg5 Bxg5 18. Nxg5 f5 19. g3 Ke7 20. O-O-O h6
21. Nf3 Rhd8 22. Rxd8 Rxd8 23. Rd1 Rxd1+ 24. Kxd1 Ke6 25. Ke2 Kd5 26. Nd2 Ne7
27. Kd3 Nc6 28. Kc3 Nd4 29. Nb3 Nf3 30. h4 f4 31. b5 e4 32. b6 axb6 33. cxb6
Kc6 34. Nd4+ Kxb6 35. Nxf3 fxg3 36. fxg3 exf3 37. Kd3 g5 38. hxg5 hxg5 39. g4
Kb5 40. Ke3 1-0

[Event "BPB Limburg open C"]
[Site "Maastricht"]
[Date "2014.06.08"]
[Round "4"]
[White "Uiterwijk, Jos"]
[Black "Van Roon, Sjoerd"]
[Result "0-1"]
[WhiteElo "1606"]
[BlackElo "1646"]
[PlyCount "64"]
[EventDate "2014.06.06"]
[EventType "swiss"]
[EventRounds "7"]
[EventCountry "NED"]
[Source "P.Boonen"]
[SourceDate "2014.10.10"]

1. e4 d5 2. exd5 Qxd5 3. Nc3 Qa5 4. Nf3 Nc6 5. Bc4 Bg4 6. Bb5 O-O-O 7. Bxc6
bxc6 8. O-O Nf6 9. d3 e5 10. Qe2 Bd6 11. Bd2 h5 12. Ne4 Qb6 13. Nxd6+ cxd6 14.
Be3 Qb7 15. h3 Bf5 16. c4 Rdg8 17. Ng5 Ne8 18. b4 f6 19. Ne4 g5 20. Qf3 Qd7 21.
b5 g4 22. Qd1 gxh3 23. g3 h4 24. Kh2 c5 25. Qa4 Bxe4 26. dxe4 Qg4 27. Qa6+ Kd8
28. Rg1 Qxe4 29. Bxc5 hxg3+ 30. Rxg3 Rxg3 31. Bb6+ axb6 32. Qxb6+ Ke7 0-1

[Event "BPB Limburg open C"]
[Site "Maastricht"]
[Date "2014.06.08"]
[Round "4"]
[White "Van Dael, Siem"]
[Black "Havenith, Michael"]
[Result "1/2-1/2"]
[WhiteElo "1587"]
[BlackElo "1615"]
[PlyCount "115"]
[EventDate "2014.06.06"]
[EventType "swiss"]
[EventRounds "7"]
[EventCountry "NED"]
[Source "P.Boonen"]
[SourceDate "2014.10.10"]

1. e4 c6 2. Nf3 d5 3. Nc3 dxe4 4. Nxe4 Bf5 5. Ng3 Bg6 6. d4 Nd7 7. h4 h6 8. h5
Bh7 9. Bd3 Bxd3 10. Qxd3 Ngf6 11. Bd2 e6 12. O-O-O Qc7 13. Rhe1 O-O-O 14. c3
Bd6 15. Ne4 Nxh5 16. g3 Nhf6 17. Nxd6+ Qxd6 18. Bf4 Qe7 19. Ne5 Nxe5 20. Bxe5
Ng4 21. Bxg7 Rhg8 22. Be5 Nxf2 23. Qf3 Nxd1 24. Bf6 Qd7 25. Bxd8 Nxc3 26. bxc3
Kxd8 27. Qf4 Rg6 28. Qb8+ Ke7 29. Qxa7 Rxg3 30. Qc5+ Qd6 31. Qxd6+ Kxd6 32. Kc2
b5 33. Rf1 f5 34. Rh1 Rg6 35. Kb3 f4 36. c4 bxc4+ 37. Kxc4 e5 38. dxe5+ Kxe5
39. a4 f3 40. a5 Kf4 41. a6 c5 42. Kb5 Ke3 43. a7 Rg8 44. Rxh6 f2 45. Rf6 c4
46. Re6+ Kd3 47. Rd6+ Ke2 48. Re6+ Kf1 49. Rg6 Ra8 50. Rg7 c3 51. Kb6 Ke1 52.
Re7+ Kd2 53. Rd7+ Ke1 54. Re7+ Kf1 55. Rc7 Rf8 56. Rxc3 Ke1 57. Rc1+ Kd2 58.
Rf1 1/2-1/2

[Event "BPB Limburg open C"]
[Site "Maastricht"]
[Date "2014.06.08"]
[Round "4"]
[White "Van Ginneken, Jos"]
[Black "Staudt, Sascha"]
[Result "1-0"]
[WhiteElo "1621"]
[BlackElo "1377"]
[PlyCount "90"]
[EventDate "2014.06.06"]
[EventType "swiss"]
[EventRounds "7"]
[EventCountry "NED"]
[Source "P.Boonen"]
[SourceDate "2014.10.10"]

1. e4 c6 2. d3 d5 3. Nd2 Nf6 4. Be2 Qb6 5. e5 Nfd7 6. Ngf3 c5 7. Nb3 Nc6 8. Be3
e6 9. Bf4 Qc7 10. d4 cxd4 11. O-O Ndxe5 12. Nxe5 Nxe5 13. Bb5+ Bd7 14. Bxd7+
Kxd7 15. Qxd4 Bd6 16. Bg3 f6 17. f4 Nc6 18. Qd2 a5 19. c4 a4 20. Nc1 Qb6+ 21.
Bf2 Bc5 22. cxd5 Bxf2+ 23. Rxf2 exd5 24. Qxd5+ Kc8 25. g3 Nb4 26. Qc4+ Kb8 27.
Kg2 Rc8 28. Qe4 Qc6 29. Qxc6 Rxc6 30. a3 Nd5 31. Nd3 Rd6 32. Kf3 Ra5 33. Rd1
Rb5 34. Nb4 Nxb4 35. Rxd6 Nd5 36. Rd2 Rb3+ 37. Kf2 Nb6 38. R6d3 Rb5 39. Rd8+
Kc7 40. R8d4 Rh5 41. Rc2+ Kb8 42. h4 g5 43. fxg5 fxg5 44. Rc5 Rh6 45. Rd8+ Ka7
1-0

[Event "BPB Limburg open C"]
[Site "Maastricht"]
[Date "2014.06.08"]
[Round "4"]
[White "Van Stiphout, Sophie"]
[Black "Vossen, Patrick"]
[Result "0-1"]
[WhiteElo "1086"]
[BlackElo "1500"]
[PlyCount "92"]
[EventDate "2014.06.06"]
[EventType "swiss"]
[EventRounds "7"]
[EventCountry "NED"]
[Source "P.Boonen"]
[SourceDate "2014.10.10"]

1. e4 c6 2. d4 d5 3. e5 c5 4. Be3 Nc6 5. Nf3 Bg4 6. Nbd2 cxd4 7. Bf4 e6 8. Be2
Bxf3 9. Nxf3 Bb4+ 10. Bd2 Qa5 11. O-O Bxd2 12. Nxd2 Nxe5 13. Nb3 Qb6 14. a4 Ne7
15. Bb5+ N5c6 16. Nxd4 O-O 17. Ne2 Rac8 18. Qd2 a6 19. Bd3 Ne5 20. Ra3 Nxd3 21.
Rxd3 Qxb2 22. Nd4 Qb6 23. Rb3 Qc7 24. Rfb1 Ng6 25. Rxb7 Rb8 26. Rxb8 Rxb8 27.
Rxb8+ Qxb8 28. h3 Qb7 29. Qa5 h6 30. Nb3 Ne5 31. Nc5 Qb1+ 32. Kh2 Qxc2 33. Nxa6
Qxf2 34. Qc3 Qf4+ 35. Qg3 Qxa4 36. Nc7 Ng6 37. Nxe6 fxe6 38. Qxg6 Qf4+ 39. Kh1
Qf6 40. Qe8+ Kh7 41. Qc6 Qf5 42. g4 Qe4+ 43. Kg1 e5 44. Kf2 Qf4+ 45. Kg2 d4 46.
Qc2+ e4 0-1

[Event "BPB Limburg open C"]
[Site "Maastricht"]
[Date "2014.06.08"]
[Round "4"]
[White "Van den Heede, Chris"]
[Black "Barbaric, Marko"]
[Result "1/2-1/2"]
[WhiteElo "1266"]
[BlackElo "1410"]
[PlyCount "153"]
[EventDate "2014.06.06"]
[EventType "swiss"]
[EventRounds "7"]
[EventCountry "NED"]
[Source "P.Boonen"]
[SourceDate "2014.10.10"]

1. e4 e5 2. Nf3 Nc6 3. d4 Nf6 4. d5 Ne7 5. Nxe5 d6 6. Bb5+ c6 7. dxc6 Qa5+ 8.
Nc3 bxc6 9. Nxc6 Qb6 10. Nxe7+ Kxe7 11. Bg5 Be6 12. e5 dxe5 13. Qe2 h6 14.
Bxf6+ Kxf6 15. Qf3+ Kg6 16. Qxa8 Kh7 17. Qe4+ g6 18. O-O Bg7 19. Bc4 Bf5 20.
Qf3 Rf8 21. Bd3 Be6 22. Nd5 Qxb2 23. Ne7 Qb6 24. Rab1 Qd6 25. Rb7 Bxa2 26. Rxa7
Be6 27. h3 Qc5 28. Qb7 Rd8 29. Nxg6 Rxd3 30. cxd3 Kxg6 31. Qc7 Qd4 32. Ra3 Bf8
33. Ra5 Bd6 34. Qa7 Qf4 35. Qe3 Qf6 36. Qg3+ Kh7 37. Ra8 h5 38. Qg8+ Kh6 39.
Qh8+ Qxh8 40. Rxh8+ Kg6 41. Ra8 Be7 42. Ra5 f6 43. Re1 Bb4 44. Raa1 Bc3 45.
Rac1 Bd4 46. Rc6 Bf5 47. Rd1 Kg5 48. g3 Bxh3 49. Rd2 Bf5 50. Kh2 Bd7 51. Rc7
Bg4 52. Rc1 h4 53. Rf1 Bf3 54. gxh4+ Kxh4 55. Rg1 f5 56. Rg3 Bg4 57. f3 Bh5 58.
Rdg2 Bg4 59. fxg4 Kg5 60. gxf5+ Kxf5 61. Rg5+ Kf6 62. R2g4 Bc3 63. Kg2 Ke6 64.
Kf3 Kd5 65. Re4 Bd4 66. Ke2 Ke6 67. Rgxe5+ Bxe5 68. d4 Kd5 69. dxe5 Ke6 70. Kf3
Ke7 71. Kf4 Ke6 72. Rd4 Ke7 73. Rd6 Ke8 74. Kf5 Ke7 75. e6 Kf8 76. Kf6 Ke8 77.
e7 1/2-1/2